000 01460nam a22003854c 4500
001 197724
003 SpMaBN
005 20250911063612.0
008 250708s2023 sp | |||| 000 d spa
015 _aMON23
017 _aSE 2543-2023
_bOficina Depósito Legal Sevilla
020 _a9788410148123
035 _a(SpMaBN)a7490913
035 _a(OCoLC)1428969072
040 _aSpMaBN
_bspa
_cSpMaBN
_erda
080 _a821.134.2-2"19"
100 0 _aBastid, Ricardo,
_d1919-1966
_4aut
_926367
245 1 0 _aMientras sale la luna
_cRicardo Bastid ; edición de Pablo Allepuz y Óscar Chaves
264 1 _aValencina de la Concepción (Sevilla)
_bRenacimiento,
_c[2023]
264 4 _c©2023
300 _a207 páginas
_c17 cm
336 _aTexto
_2rdacontent
337 _asin mediación
_2rdamedia
338 _avolumen
_2rdacarrier
490 0 _aBiblioteca del Exilio.
_aSerie Menor
_v9
655 0 _aTeatro
_9234794
700 1 _aAllepuz, Pablo
_9175820
_eedt
700 1 _aChaves Amieva, Óscar
_9175821
_epbl
852 _aES-MaACL
_cDEPOJ
_jN-10656
_gDedicatoria autógrafa de Óscar Chaves Amieva
_hDonación: Óscar Chaves Amieva
_xEncuaderanción Rustica
_zEn Proceso
_9206782
903 _9175821
_aChaves Amieva, Óscar
_ednr
942 _2udc
_cMONOGRAFIA
_n0
999 _c197724
_d197724